Gender and Animals in History (Record no. 80647)
[ view plain ]
| 000 -LEADER | |
|---|---|
| fixed length control field | 02723cam a2200481Mi 4500 |
| 001 - CONTROL NUMBER | |
| control field | on1427232885 |
| 003 - CONTROL NUMBER IDENTIFIER | |
| control field | OCoLC |
| 005 - DATE AND TIME OF LATEST TRANSACTION | |
| control field | 20240620195750.0 |
| 006 - FIXED-LENGTH DATA ELEMENTS--ADDITIONAL MATERIAL CHARACTERISTICS | |
| fixed length control field | m o d | |
| 007 - PHYSICAL DESCRIPTION FIXED FIELD--GENERAL INFORMATION | |
| fixed length control field | cr cnu---unuuu |
| 008 - FIXED-LENGTH DATA ELEMENTS--GENERAL INFORMATION | |
| fixed length control field | 240402s2024 ne fo 000 0 eng d |
| 040 ## - CATALOGING SOURCE | |
| Original cataloging agency | NLAUP |
| Language of cataloging | eng |
| Description conventions | rda |
| Transcribing agency | NLAUP |
| Modifying agency | OCLCO |
| -- | YDX |
| -- | NLAUP |
| -- | JSTOR |
| -- | OCLCO |
| -- | EBLCP |
| -- | OCLCQ |
| 020 ## - INTERNATIONAL STANDARD BOOK NUMBER | |
| International Standard Book Number | 9048565294 |
| Qualifying information | (electronic bk.) |
| 020 ## - INTERNATIONAL STANDARD BOOK NUMBER | |
| International Standard Book Number | 9789048565290 |
| Qualifying information | (electronic bk.) |
| 035 ## - SYSTEM CONTROL NUMBER | |
| System control number | (OCoLC)1427232885 |
| 037 ## - SOURCE OF ACQUISITION | |
| Stock number | 9789048565290 |
| 037 ## - SOURCE OF ACQUISITION | |
| Stock number | 22573/cats13578206 |
| Source of stock number/acquisition | JSTOR |
| 050 #4 - LIBRARY OF CONGRESS CALL NUMBER | |
| Classification number | HQ1122 |
| 245 00 - TITLE STATEMENT | |
| Title | Gender and Animals in History |
| Remainder of title | Yearbook of Women's History 42 (2023) |
| Statement of responsibility, etc. | Sandra Swart, Iris van der Zande, Larissa Schulte Nordholt, Marleen Reichgelt, Kirsten Kamphuis, Ernestine Hoegen, Claudia Hacke, Sarah Carmichael. |
| 264 #1 - PRODUCTION, PUBLICATION, DISTRIBUTION, MANUFACTURE, AND COPYRIGHT NOTICE | |
| Place of production, publication, distribution, manufacture | Amsterdam |
| Name of producer, publisher, distributor, manufacturer | Amsterdam University Press |
| Date of production, publication, distribution, manufacture, or copyright notice | 2024 |
| 300 ## - PHYSICAL DESCRIPTION | |
| Extent | 1 online resource (312 pages). |
| 336 ## - CONTENT TYPE | |
| Content type term | text |
| Content type code | txt |
| Source | rdacontent |
| 337 ## - MEDIA TYPE | |
| Media type term | computer |
| Media type code | c |
| Source | rdamedia |
| 338 ## - CARRIER TYPE | |
| Carrier type term | online resource |
| Carrier type code | cr |
| Source | rdacarrier |
| 344 ## - SOUND CHARACTERISTICS | |
| Type of recording | digital |
| Source | rdatr |
| 490 1# - SERIES STATEMENT | |
| Series statement | Yearbook of Women's History |
| 500 ## - GENERAL NOTE | |
| General note | "Amsterdam University Press" |
| 520 ## - SUMMARY, ETC. | |
| Summary, etc. | The category of species has remained largely understudied in mainstream gender scholarship. This edition of the <cite>Yearbook of Women's History</cite> attempts to show how gender history can be enriched through the study of animals. It highlights that the inclusion of nonhuman animals in historical work has the potential to revolutionize the ways we think about gender history. This volume is expansive in more than one way. First, it is global and transhistorical in its outlook, bringing together perspectives from the Global North and the Global South, and moving from the Middle Ages to the contemporary world. Even more importantly for its purposes, a range of animals appear in the contributions: from the smallest insects to great apes, and from 'cute' kittens to riot dogs and lions. The articles collected here reflect the variety of the animal kingdom and of the creative approaches enabled by animal history. |
| 588 0# - SOURCE OF DESCRIPTION NOTE | |
| Source of description note | Vendor-supplied metadata. |
| 590 ## - LOCAL NOTE (RLIN) | |
| Local note | JSTOR |
| Provenance (VM) [OBSOLETE] | Books at JSTOR Open Access |
| 700 1# - ADDED ENTRY--PERSONAL NAME | |
| Personal name | Swart, Sandra |
| Relator term | editor. |
| 700 1# - ADDED ENTRY--PERSONAL NAME | |
| Personal name | van der Zande, Iris |
| Relator term | editor. |
| 700 1# - ADDED ENTRY--PERSONAL NAME | |
| Personal name | Schulte Nordholt, Larissa |
| Relator term | editor. |
| 700 1# - ADDED ENTRY--PERSONAL NAME | |
| Personal name | Reichgelt, Marleen |
| Relator term | editor. |
| 700 1# - ADDED ENTRY--PERSONAL NAME | |
| Personal name | Kamphuis, Kirsten |
| Relator term | editor. |
| 700 1# - ADDED ENTRY--PERSONAL NAME | |
| Personal name | Hoegen, Ernestine |
| Relator term | editor. |
| 700 1# - ADDED ENTRY--PERSONAL NAME | |
| Personal name | Hacke, Claudia |
| Relator term | editor. |
| 700 1# - ADDED ENTRY--PERSONAL NAME | |
| Personal name | Carmichael, Sarah |
| Relator term | editor. |
| 830 #0 - SERIES ADDED ENTRY--UNIFORM TITLE | |
| Uniform title | Jaarboek voor vrouwengeschiedenis. |
| Authority record control number or standard number | http://id.loc.gov/authorities/names/n84739599 |
| 856 40 - ELECTRONIC LOCATION AND ACCESS | |
| Uniform Resource Identifier | <a href="https://www.jstor.org/stable/10.2307/jj.13609901">https://www.jstor.org/stable/10.2307/jj.13609901</a> |
| 942 ## - ADDED ENTRY ELEMENTS (KOHA) | |
| Koha item type | E-Book |
| 994 ## - | |
| -- | 92 |
| -- | PHURS |
| Withdrawn status | Source of classification or shelving scheme | Damaged status | Not for loan | Home library | Current library | Date acquired | Total Checkouts | Date last seen | Price effective from | Koha item type |
|---|---|---|---|---|---|---|---|---|---|---|
| Library of Congress Classification | Not For Loan | JSTOR Open Access Books | JSTOR Open Access Books | 06/05/2024 | 06/05/2024 | 06/05/2024 | E-Book |